[Event "Masters Tournament (MTO)"]
[Site "Biel, CH"]
[Date "2025.07.14"]
[Round "1"]
[White "Cordes, Jule"]
[Black "Mostertman, Milan"]
[Result "0-1"]
[Board "38"]
[WhiteFideId "1060708"]
[BlackFideId "1025848"]
[BlackTitle "FM"]
[WhiteElo "1946"]
[BlackElo "2212"]
[WhiteTeam "NED"]
[BlackTeam "NED"]
[WhiteClock "0:18:56"]
[BlackClock "0:17:33"]
[Variant "Standard"]

1. d4 {[%clk 1:40:54]}  Nf6 {[%clk 1:40:55]} 2. c4 {[%clk 1:41:18]}  e6 {[%clk 1:41:19]} 3. Nf3 {[%clk 1:41:40]}  d5 {[%clk 1:41:16]} 4. Nc3 {[%clk 1:39:01]}  Bb4 {[%clk 1:40:27]} 5. Qa4+ {[%clk 1:36:14]}  Nc6 {[%clk 1:40:49]} 6. Bd2 {[%clk 1:35:09]}  O-O {[%clk 1:35:26]} 7. e3 {[%clk 1:31:17]}  Re8 {[%clk 1:26:39]} 8. Ne5 {[%clk 1:04:30]}  Bxc3 {[%clk 1:18:44]} 9. Bxc3 {[%clk 1:04:38]}  Nxe5 {[%clk 1:19:06]} 10. dxe5 {[%clk 1:05:00]}  Ne4 {[%clk 1:19:02]} 11. Qc2 {[%clk 0:39:43]}  Nxc3 {[%clk 0:54:41]} 12. Qxc3 {[%clk 0:36:24]}  c5 {[%clk 0:48:32]} 13. Rd1 {[%clk 0:35:37]}  b6 {[%clk 0:35:40]} 14. b4 {[%clk 0:25:00]}  cxb4 {[%clk 0:42:20]} 15. Qxb4 {[%clk 0:23:07]}  Bb7 {[%clk 0:42:41]} 16. cxd5 {[%clk 0:10:11]}  exd5 {[%clk 0:43:05]} 17. Qd4 {[%clk 0:10:35]}  Qc7 {[%clk 0:38:17]} 18. f4 {[%clk 0:10:43]}  f6 {[%clk 0:38:40]} 19. exf6 {[%clk 0:07:47]}  Re4 {[%clk 0:38:48]} 20. Qd3 {[%clk 0:04:25]}  Qxf4 {[%clk 0:30:43]} 21. f7+ {[%clk 0:04:51]}  Qxf7 {[%clk 0:30:24]} 22. Be2 {[%clk 0:05:03]}  Rae8 {[%clk 0:30:02]} 23. Rf1 {[%clk 0:04:24]}  Qe7 {[%clk 0:24:55]} 24. Rf3 {[%clk 0:04:19]}  Qh4+ {[%clk 0:21:22]} 25. Kf1 {[%clk 0:02:33]}  Qg5 {[%clk 0:17:14]} 26. Rh3 {[%clk 0:02:27]}  h6 {[%clk 0:16:02]} 27. Rg3 {[%clk 0:02:24]}  Qf6+ {[%clk 0:12:45]} 28. Kg1 {[%clk 0:01:20]}  Kh8 {[%clk 0:13:13]} 29. Rf1 {[%clk 0:01:35]}  Qe7 {[%clk 0:07:13]} 30. Bd1 {[%clk 0:01:55]}  Qc5 {[%clk 0:04:29]} 31. Rff3 {[%clk 0:00:44]}  d4 {[%clk 0:03:49]} 32. Kh1 {[%clk 0:00:47]}  Rxe3 {[%clk 0:03:14]} 33. Rxe3 {[%clk 0:01:06]}  dxe3 {[%clk 0:02:46]} 34. Qg6 {[%clk 0:00:42]}  Qf8 {[%clk 0:03:08]} 35. Be2 {[%clk 0:00:52]}  Be4 {[%clk 0:01:45]} 36. Qg4 {[%clk 0:01:09]}  Bh7 {[%clk 0:01:26]} 37. h3 {[%clk 0:01:01]}  Qe7 {[%clk 0:01:42]} 38. Rf3 {[%clk 0:01:02]}  Be4 {[%clk 0:01:12]} 39. Rg3 {[%clk 0:01:12]}  Qe5 {[%clk 0:01:01]} 40. Kg1 {[%clk 0:30:00]}  Bh7 {[%clk 0:00:33]} 41. Kh2 {[%clk 0:29:00]}  b5 {[%clk 0:25:37]} 42. Qd7 {[%clk 0:27:17]}  Bg8 {[%clk 0:24:20]} 43. Qxa7 {[%clk 0:25:53]}  Bc4 {[%clk 0:20:06]} 44. Bh5 {[%clk 0:21:45]}  e2 {[%clk 0:23:15]} 45. Bxe2 {[%clk 0:20:50]}  Bxe2 {[%clk 0:23:39]} 46. Qa5 {[%clk 0:19:39]}  h5 {[%clk 0:18:38]} 47. Qb4 {[%clk 0:19:39]}  Bc4 {[%clk 0:17:52]} 48. h4 {[%clk 0:19:32]}  Qf4 {[%clk 0:17:10]} 49. Qc3 {[%clk 0:18:17]}  Qxh4+ {[%clk 0:17:32]} 50. Rh3 {[%clk 0:18:35]}  Qf4+ {[%clk 0:17:30]} 51. Rg3 {[%clk 0:18:56]}  Qe5 {[%clk 0:17:33]} 0-1

[Event "Masters Tournament (MTO)"]
[Site "Biel, CH"]
[Date "2025.07.14"]
[Round "1"]
[White "Harish, Neeraj"]
[Black "Jordan, Christina"]
[Result "1/2-1/2"]
[Board "39"]
[WhiteFideId "30958130"]
[BlackFideId "1347977"]
[WhiteTitle "CM"]
[WhiteElo "2212"]
[BlackElo "1943"]
[WhiteTeam "USA"]
[BlackTeam "SUI"]
[WhiteClock "0:03:52"]
[BlackClock "0:28:40"]
[Variant "Standard"]

1. e4 {[%clk 1:33:33]}  c5 {[%clk 1:40:54]} 2. Nf3 {[%clk 1:33:56]}  d6 {[%clk 1:41:18]} 3. d4 {[%clk 1:34:16]}  cxd4 {[%clk 1:41:41]} 4. Nxd4 {[%clk 1:34:40]}  Nf6 {[%clk 1:42:05]} 5. Nc3 {[%clk 1:35:06]}  a6 {[%clk 1:42:31]} 6. Rg1 {[%clk 1:34:41]}  e5 {[%clk 1:41:18]} 7. Nb3 {[%clk 1:35:01]}  Be6 {[%clk 1:41:12]} 8. f4 {[%clk 1:34:59]}  Qb6 {[%clk 1:39:20]} 9. Rh1 {[%clk 1:35:02]}  Nc6 {[%clk 1:37:54]} 10. f5 {[%clk 1:33:52]}  Bxb3 {[%clk 1:38:03]} 11. axb3 {[%clk 1:34:13]}  Nd4 {[%clk 1:33:13]} 12. Bc4 {[%clk 1:28:30]}  h6 {[%clk 1:29:35]} 13. Qd3 {[%clk 1:16:11]}  Be7 {[%clk 1:24:53]} 14. Bd2 {[%clk 1:08:11]}  Ng4 {[%clk 1:11:34]} 15. O-O-O {[%clk 1:00:56]}  Nf2 {[%clk 1:10:51]} 16. Qg3 {[%clk 1:00:40]}  Bf6 {[%clk 1:08:09]} 17. Nd5 {[%clk 0:51:21]}  Nxh1 {[%clk 1:07:25]} 18. Rxh1 {[%clk 0:50:38]}  Qd8 {[%clk 1:07:03]} 19. Kb1 {[%clk 0:48:16]}  b5 {[%clk 1:04:17]} 20. Bd3 {[%clk 0:47:15]}  Rb8 {[%clk 0:58:59]} 21. Qe1 {[%clk 0:45:09]}  Nc6 {[%clk 0:57:46]} 22. h4 {[%clk 0:41:01]}  Be7 {[%clk 0:48:56]} 23. g4 {[%clk 0:40:20]}  Kd7 {[%clk 0:46:23]} 24. b4 {[%clk 0:30:32]}  Qc8 {[%clk 0:41:57]} 25. Qf2 {[%clk 0:29:14]}  Bd8 {[%clk 0:41:14]} 26. Rf1 {[%clk 0:21:14]}  f6 {[%clk 0:39:45]} 27. b3 {[%clk 0:18:54]}  Ne7 {[%clk 0:38:50]} 28. Nxe7 {[%clk 0:13:38]}  Kxe7 {[%clk 0:38:52]} 29. Kb2 {[%clk 0:12:25]}  Bb6 {[%clk 0:38:18]} 30. Qg2 {[%clk 0:12:38]}  Qc6 {[%clk 0:36:10]} 31. g5 {[%clk 0:10:13]}  hxg5 {[%clk 0:34:59]} 32. hxg5 {[%clk 0:10:31]}  Rbg8 {[%clk 0:35:03]} 33. Rc1 {[%clk 0:08:11]}  Qd7 {[%clk 0:30:41]} 34. Ra1 {[%clk 0:06:30]}  Qc8 {[%clk 0:28:26]} 35. Rc1 {[%clk 0:06:34]}  Qd7 {[%clk 0:28:38]} 36. Ra1 {[%clk 0:06:34]}  Qc8 {[%clk 0:28:59]} 37. Rc1 {[%clk 0:03:52]}  Qd7 {[%clk 0:28:40]} 1/2-1/2

[Event "Masters Tournament (MTO)"]
[Site "Biel, CH"]
[Date "2025.07.14"]
[Round "1"]
[White "Heyl, Thomas"]
[Black "Sowray, Peter J"]
[Result "1/2-1/2"]
[Board "40"]
[WhiteFideId "4623371"]
[BlackFideId "400971"]
[BlackTitle "FM"]
[WhiteElo "1938"]
[BlackElo "2211"]
[WhiteTeam "GER"]
[BlackTeam "ENG"]
[WhiteClock "0:30:59"]
[BlackClock "0:29:52"]
[Variant "Standard"]

1. c4 {[%clk 1:40:51]}  g6 {[%clk 1:40:27]} 2. Nc3 {[%clk 1:40:42]}  Bg7 {[%clk 1:39:32]} 3. d4 {[%clk 1:40:08]}  c5 {[%clk 1:40:03]} 4. Nf3 {[%clk 1:38:09]}  cxd4 {[%clk 1:38:50]} 5. Nxd4 {[%clk 1:38:25]}  Nc6 {[%clk 1:39:14]} 6. e3 {[%clk 1:37:31]}  Nf6 {[%clk 1:36:38]} 7. Be2 {[%clk 1:36:48]}  O-O {[%clk 1:30:03]} 8. O-O {[%clk 1:29:51]}  d6 {[%clk 1:34:28]} 9. Re1 {[%clk 1:24:23]}  Bd7 {[%clk 1:25:11]} 10. Bd2 {[%clk 1:21:58]}  a6 {[%clk 1:17:57]} 11. Nxc6 {[%clk 1:21:41]}  bxc6 {[%clk 1:27:23]} 12. e4 {[%clk 1:12:05]}  Qc7 {[%clk 1:24:52]} 13. Rc1 {[%clk 1:10:58]}  Be6 {[%clk 1:22:12]} 14. b3 {[%clk 1:10:24]}  a5 {[%clk 1:13:45]} 15. Nd5 {[%clk 0:51:26]}  Qb7 {[%clk 1:06:38]} 16. Nxf6+ {[%clk 0:48:00]}  Bxf6 {[%clk 1:05:37]} 17. Bg4 {[%clk 0:35:23]}  Bxg4 {[%clk 0:57:10]} 18. Qxg4 {[%clk 0:46:22]}  Bd4 {[%clk 0:48:45]} 19. h4 {[%clk 0:39:01]}  Qb6 {[%clk 0:54:12]} 20. Be3 {[%clk 0:34:48]}  a4 {[%clk 0:53:26]} 21. h5 {[%clk 0:30:55]}  axb3 {[%clk 0:50:13]} 22. axb3 {[%clk 0:35:50]}  Ra2 {[%clk 0:34:05]} 23. Qg3 {[%clk 0:23:30]}  Rb8 {[%clk 0:41:03]} 24. Rcd1 {[%clk 0:13:50]}  c5 {[%clk 0:25:50]} 25. Bxd4 {[%clk 0:12:56]}  cxd4 {[%clk 0:26:18]} 26. e5 {[%clk 0:09:31]}  dxe5 {[%clk 0:16:28]} 27. Qxe5 {[%clk 0:11:09]}  d3 {[%clk 0:14:30]} 28. c5 {[%clk 0:11:09]}  Qxb3 {[%clk 0:09:53]} 29. h6 {[%clk 0:08:57]}  Qb2 {[%clk 0:11:21]} 30. Qxb2 {[%clk 0:07:49]}  Raxb2 {[%clk 0:10:42]} 31. Rxd3 {[%clk 0:08:24]}  Rc2 {[%clk 0:07:58]} 32. Rxe7 {[%clk 0:06:52]}  Rc1+ {[%clk 0:05:54]} 33. Kh2 {[%clk 0:07:14]}  Rxc5 {[%clk 0:06:22]} 34. g4 {[%clk 0:06:55]}  Rc2 {[%clk 0:04:52]} 35. Kg3 {[%clk 0:06:41]}  Rf8 {[%clk 0:04:35]} 36. Rdd7 {[%clk 0:05:48]}  Rc3+ {[%clk 0:04:47]} 37. f3 {[%clk 0:06:12]}  Ra3 {[%clk 0:04:13]} 38. Rc7 {[%clk 0:06:24]}  Rb3 {[%clk 0:04:31]} 39. Ra7 {[%clk 0:06:45]}  Rc3 {[%clk 0:04:50]} 40. Rab7 {[%clk 0:07:11]}  Ra3 {[%clk 0:00:07]} 41. Rb6 {[%clk 0:01:51]}  Ra1 {[%clk 0:02:04]} 42. Rbb7 {[%clk 0:30:57]}  Ra3 {[%clk 0:29:52]} 43. Rbc7 {[%clk 0:30:59]} 1/2-1/2

[Event "Masters Tournament (MTO)"]
[Site "Biel, CH"]
[Date "2025.07.14"]
[Round "1"]
[White "Ho, Carter"]
[Black "Yu, Tianxiang Carlos"]
[Result "1-0"]
[Board "41"]
[WhiteFideId "30965292"]
[BlackFideId "39922723"]
[WhiteTitle "CM"]
[WhiteElo "2208"]
[BlackElo "1938"]
[WhiteTeam "USA"]
[BlackTeam "USA"]
[WhiteClock "0:37:26"]
[BlackClock "0:04:48"]
[Variant "Standard"]

1. e4 {[%clk 1:40:54]}  c5 {[%clk 1:35:18]} 2. Nf3 {[%clk 1:41:13]}  d6 {[%clk 1:35:41]} 3. d4 {[%clk 1:41:34]}  cxd4 {[%clk 1:36:04]} 4. Nxd4 {[%clk 1:41:57]}  Nf6 {[%clk 1:36:29]} 5. Nc3 {[%clk 1:42:14]}  g6 {[%clk 1:36:39]} 6. Be3 {[%clk 1:42:26]}  Bg7 {[%clk 1:36:58]} 7. f3 {[%clk 1:42:35]}  O-O {[%clk 1:37:02]} 8. Qd2 {[%clk 1:42:59]}  Nc6 {[%clk 1:37:26]} 9. O-O-O {[%clk 1:43:12]}  d5 {[%clk 1:37:27]} 10. exd5 {[%clk 1:43:08]}  Nxd5 {[%clk 1:37:48]} 11. Nxc6 {[%clk 1:43:06]}  bxc6 {[%clk 1:38:14]} 12. Bd4 {[%clk 1:43:17]}  e5 {[%clk 1:34:45]} 13. Bc5 {[%clk 1:43:33]}  Re8 {[%clk 1:35:07]} 14. Ne4 {[%clk 1:43:41]}  Qc7 {[%clk 1:31:01]} 15. h4 {[%clk 1:40:45]}  f5 {[%clk 1:30:38]} 16. Nd6 {[%clk 1:40:48]}  Rd8 {[%clk 1:30:55]} 17. Nxc8 {[%clk 1:40:53]}  Raxc8 {[%clk 1:31:19]} 18. h5 {[%clk 1:41:00]}  Nb6 {[%clk 1:31:19]} 19. Bxb6 {[%clk 1:36:51]}  Rxd2 {[%clk 1:31:41]} 20. Bc4+ {[%clk 1:36:56]}  Kf8 {[%clk 1:32:01]} 21. Bxc7 {[%clk 1:36:14]}  Rxd1+ {[%clk 1:30:14]} 22. Rxd1 {[%clk 1:34:13]}  Bh6+ {[%clk 1:32:43]} 23. Kb1 {[%clk 1:34:27]}  Rxc7 {[%clk 1:33:09]} 24. hxg6 {[%clk 1:26:33]}  hxg6 {[%clk 1:33:34]} 25. c3 {[%clk 1:14:09]}  Ke7 {[%clk 1:24:33]} 26. Rh1 {[%clk 1:08:56]}  Bg7 {[%clk 1:11:15]} 27. Kc2 {[%clk 1:09:16]}  Rd7 {[%clk 1:05:48]} 28. Bd3 {[%clk 1:08:14]}  Kf6 {[%clk 1:03:29]} 29. Rh4 {[%clk 1:07:41]}  c5 {[%clk 0:55:15]} 30. Ra4 {[%clk 1:04:28]}  Bh6 {[%clk 0:41:29]} 31. Ra6+ {[%clk 0:53:06]}  Kg5 {[%clk 0:29:42]} 32. Rc6 {[%clk 0:50:40]}  Bf8 {[%clk 0:29:23]} 33. g3 {[%clk 0:39:41]}  Bd6 {[%clk 0:24:47]} 34. a4 {[%clk 0:36:48]}  Bf8 {[%clk 0:16:01]} 35. a5 {[%clk 0:37:35]}  Bd6 {[%clk 0:15:33]} 36. Rc8 {[%clk 0:31:34]}  Re7 {[%clk 0:12:16]} 37. Rc6 {[%clk 0:30:27]}  Rd7 {[%clk 0:07:39]} 38. Kb3 {[%clk 0:23:56]}  e4 {[%clk 0:11:34]} 39. fxe4 {[%clk 0:23:43]}  Bxg3 {[%clk 0:11:50]} 40. Kc4 {[%clk 0:23:56]}  Bf2 {[%clk 0:06:52]} 41. e5 {[%clk 0:21:05]}  Re7 {[%clk 0:29:20]} 42. Kd5 {[%clk 0:48:08]}  Bg3 {[%clk 0:27:31]} 43. e6 {[%clk 0:48:07]}  Kf6 {[%clk 0:21:44]} 44. Bc4 {[%clk 0:43:09]}  Rc7 {[%clk 0:18:24]} 45. Rxc7 {[%clk 0:36:56]}  Bxc7 {[%clk 0:18:52]} 46. Kc6 {[%clk 0:36:47]}  Bd8 {[%clk 0:17:02]} 47. b4 {[%clk 0:36:32]}  cxb4 {[%clk 0:07:44]} 48. cxb4 {[%clk 0:36:56]}  g5 {[%clk 0:05:35]} 49. Kd7 {[%clk 0:37:02]}  Be7 {[%clk 0:04:48]} 50. b5 {[%clk 0:37:26]} 1-0

[Event "Masters Tournament (MTO)"]
[Site "Biel, CH"]
[Date "2025.07.14"]
[Round "1"]
[White "Madsen, Jens Ingemann"]
[Black "Shvedova, Alexandra"]
[Result "0-1"]
[Board "42"]
[WhiteFideId "1434993"]
[BlackFideId "54154782"]
[BlackTitle "WFM"]
[WhiteElo "1935"]
[BlackElo "2204"]
[WhiteTeam "DEN"]
[BlackTeam "ITA"]
[WhiteClock "0:01:31"]
[BlackClock "0:11:09"]
[Variant "Standard"]

1. e4 {[%clk 1:40:57]}  c5 {[%clk 1:40:51]} 2. c3 {[%clk 1:40:57]}  Nf6 {[%clk 1:41:05]} 3. e5 {[%clk 1:41:21]}  Nd5 {[%clk 1:41:31]} 4. Nf3 {[%clk 1:41:21]}  Nc6 {[%clk 1:40:55]} 5. d4 {[%clk 1:40:53]}  cxd4 {[%clk 1:40:49]} 6. cxd4 {[%clk 1:40:36]}  d6 {[%clk 1:40:40]} 7. exd6 {[%clk 1:35:56]}  Qxd6 {[%clk 1:40:23]} 8. Nc3 {[%clk 1:34:53]}  Bg4 {[%clk 1:37:11]} 9. Be2 {[%clk 1:33:29]}  e6 {[%clk 1:33:56]} 10. O-O {[%clk 1:31:51]}  Be7 {[%clk 1:27:18]} 11. Qb3 {[%clk 1:14:49]}  Nb6 {[%clk 1:18:58]} 12. Be3 {[%clk 1:11:19]}  O-O {[%clk 1:16:06]} 13. Rfd1 {[%clk 1:06:49]}  Nb4 {[%clk 1:10:39]} 14. a3 {[%clk 0:58:39]}  N4d5 {[%clk 1:10:26]} 15. Ne4 {[%clk 0:54:50]}  Qd8 {[%clk 0:56:28]} 16. Rac1 {[%clk 0:52:30]}  Nxe3 {[%clk 0:50:28]} 17. fxe3 {[%clk 0:50:32]}  Nd5 {[%clk 0:38:24]} 18. h3 {[%clk 0:39:21]}  Bh5 {[%clk 0:41:46]} 19. Ng3 {[%clk 0:39:08]}  Bg6 {[%clk 0:40:47]} 20. Ne5 {[%clk 0:30:58]}  Bg5 {[%clk 0:34:27]} 21. Nf1 {[%clk 0:34:07]}  Be4 {[%clk 0:30:30]} 22. Bf3 {[%clk 0:32:46]}  Bxf3 {[%clk 0:29:29]} 23. Nxf3 {[%clk 0:31:13]}  Bh6 {[%clk 0:29:48]} 24. Rc5 {[%clk 0:29:25]}  b6 {[%clk 0:27:02]} 25. Rc2 {[%clk 0:28:37]}  Rc8 {[%clk 0:23:50]} 26. Rdc1 {[%clk 0:27:54]}  Rxc2 {[%clk 0:23:58]} 27. Rxc2 {[%clk 0:28:11]}  Qd6 {[%clk 0:21:58]} 28. Ne5 {[%clk 0:22:59]}  Ne7 {[%clk 0:20:16]} 29. Qa4 {[%clk 0:16:50]}  Nf5 {[%clk 0:16:39]} 30. Ng4 {[%clk 0:14:24]}  Bg5 {[%clk 0:16:47]} 31. Re2 {[%clk 0:09:38]}  a5 {[%clk 0:16:03]} 32. Qc4 {[%clk 0:09:11]}  Qb8 {[%clk 0:13:34]} 33. e4 {[%clk 0:06:40]}  Rc8 {[%clk 0:13:30]} 34. Qd3 {[%clk 0:06:40]}  Ne7 {[%clk 0:12:24]} 35. Rc2 {[%clk 0:06:39]}  Rd8 {[%clk 0:12:29]} 36. Nd2 {[%clk 0:04:41]}  h5 {[%clk 0:11:51]} 37. Nf3 {[%clk 0:03:26]}  Bf4 {[%clk 0:10:55]} 38. Nf2 {[%clk 0:03:43]}  Ng6 {[%clk 0:10:49]} 39. Qb5 {[%clk 0:02:19]}  Rc8 {[%clk 0:09:06]} 40. Qd3 {[%clk 0:01:49]}  Rxc2 {[%clk 0:04:10]} 41. Qxc2 {[%clk 0:01:28]}  Be3 {[%clk 0:04:02]} 42. e5 {[%clk 0:19:40]}  Ne7 {[%clk 0:30:15]} 43. Kf1 {[%clk 0:17:18]}  Nd5 {[%clk 0:28:37]} 44. Nd1 {[%clk 0:16:30]}  Qb7 {[%clk 0:27:26]} 45. Qe2 {[%clk 0:14:05]}  Bh6 {[%clk 0:27:04]} 46. Qc2 {[%clk 0:13:04]}  Nf4 {[%clk 0:24:06]} 47. Kf2 {[%clk 0:13:12]}  Qa6 {[%clk 0:23:23]} 48. Ne1 {[%clk 0:10:48]}  b5 {[%clk 0:17:48]} 49. Nd3 {[%clk 0:09:44]}  Nxd3+ {[%clk 0:14:58]} 50. Qxd3 {[%clk 0:10:12]}  Qc6 {[%clk 0:15:23]} 51. Nc3 {[%clk 0:08:07]}  b4 {[%clk 0:15:04]} 52. axb4 {[%clk 0:07:14]}  axb4 {[%clk 0:15:28]} 53. Ne4 {[%clk 0:05:28]}  Qc1 {[%clk 0:14:24]} 54. Qe2 {[%clk 0:04:37]}  b3 {[%clk 0:13:41]} 55. g3 {[%clk 0:04:37]}  Qc2 {[%clk 0:12:05]} 56. Ke1 {[%clk 0:02:46]}  Bc1 {[%clk 0:10:46]} 57. Nc5 {[%clk 0:02:26]}  Bxb2 {[%clk 0:10:45]} 58. Qb5 {[%clk 0:01:02]}  Bc3+ {[%clk 0:10:57]} 59. Kf1 {[%clk 0:01:31]}  b2 {[%clk 0:11:09]} 0-1

[Event "Masters Tournament (MTO)"]
[Site "Biel, CH"]
[Date "2025.07.14"]
[Round "1"]
[White "Schimnatkowski, Lukas"]
[Black "Jordan, Theodor"]
[Result "1-0"]
[Board "43"]
[WhiteFideId "12936723"]
[BlackFideId "1353152"]
[WhiteElo "2202"]
[BlackElo "1934"]
[WhiteTeam "GER"]
[BlackTeam "SUI"]
[WhiteClock "0:14:19"]
[BlackClock "1:14:50"]
[Variant "Standard"]

1. e4 {[%clk 1:40:56]}  c6 {[%clk 1:40:48]} 2. d4 {[%clk 1:41:18]}  d5 {[%clk 1:41:15]} 3. Nd2 {[%clk 1:41:39]}  dxe4 {[%clk 1:41:39]} 4. Nxe4 {[%clk 1:42:04]}  Nf6 {[%clk 1:42:04]} 5. Nxf6+ {[%clk 1:42:27]}  exf6 {[%clk 1:42:23]} 6. c3 {[%clk 1:42:44]}  Bd6 {[%clk 1:42:27]} 7. Bd3 {[%clk 1:43:00]}  Qc7 {[%clk 1:41:16]} 8. Ne2 {[%clk 1:27:37]}  Bg4 {[%clk 1:39:30]} 9. Qc2 {[%clk 1:25:53]}  Bh5 {[%clk 1:38:47]} 10. Ng3 {[%clk 1:23:07]}  Bg6 {[%clk 1:33:18]} 11. Nf5 {[%clk 1:16:08]}  Bxf5 {[%clk 1:37:55]} 12. Bxf5 {[%clk 1:16:11]}  g6 {[%clk 1:37:31]} 13. Qe2+ {[%clk 1:08:18]}  Kd8 {[%clk 1:31:31]} 14. Bc2 {[%clk 1:06:32]}  Re8 {[%clk 1:31:48]} 15. Be3 {[%clk 1:06:29]}  f5 {[%clk 1:31:15]} 16. g3 {[%clk 1:05:12]}  f4 {[%clk 1:27:47]} 17. gxf4 {[%clk 1:04:55]}  Bxf4 {[%clk 1:28:03]} 18. O-O-O {[%clk 1:01:10]}  Qe7 {[%clk 1:25:07]} 19. Qc4 {[%clk 0:50:47]}  Bxe3+ {[%clk 1:24:35]} 20. fxe3 {[%clk 0:46:49]}  Nd7 {[%clk 1:20:06]} 21. e4 {[%clk 0:42:15]}  Nb6 {[%clk 1:18:37]} 22. Qd3 {[%clk 0:45:45]}  Kc7 {[%clk 1:18:28]} 23. Qg3+ {[%clk 0:41:06]}  Kd7 {[%clk 1:18:01]} 24. Rhf1 {[%clk 0:36:21]}  Rad8 {[%clk 1:17:01]} 25. Qh3+ {[%clk 0:34:27]}  Kc7 {[%clk 1:14:45]} 26. Qxh7 {[%clk 0:34:39]}  Rh8 {[%clk 1:14:31]} 27. Qxf7 {[%clk 0:34:28]}  Qxf7 {[%clk 1:14:51]} 28. Rxf7+ {[%clk 0:34:52]}  Rd7 {[%clk 1:15:11]} 29. Rxd7+ {[%clk 0:27:35]}  Kxd7 {[%clk 1:15:39]} 30. Rd2 {[%clk 0:24:45]}  Rh4 {[%clk 1:15:19]} 31. b3 {[%clk 0:23:33]}  Nc8 {[%clk 1:15:09]} 32. Rg2 {[%clk 0:23:33]}  Ne7 {[%clk 1:15:27]} 33. Kb2 {[%clk 0:20:24]}  a5 {[%clk 1:15:13]} 34. a4 {[%clk 0:19:37]}  Rh5 {[%clk 1:15:08]} 35. Bd1 {[%clk 0:18:49]}  Rh4 {[%clk 1:14:36]} 36. Bg4+ {[%clk 0:19:09]}  Kd8 {[%clk 1:15:07]} 37. h3 {[%clk 0:18:32]}  Ng8 {[%clk 1:15:05]} 38. e5 {[%clk 0:15:04]}  Nh6 {[%clk 1:14:50]} 39. Be6 {[%clk 0:14:19]} 1-0

[Event "Masters Tournament (MTO)"]
[Site "Biel, CH"]
[Date "2025.07.14"]
[Round "1"]
[White "Kumbharathi, Vedansh"]
[Black "Sushanth Kamabathula"]
[Result "0-1"]
[Board "44"]
[WhiteFideId "30998395"]
[BlackFideId "25712667"]
[WhiteElo "1931"]
[BlackElo "2188"]
[WhiteTeam "USA"]
[BlackTeam "IND"]
[WhiteClock "0:07:03"]
[BlackClock "0:08:36"]
[Variant "Standard"]

1. e4 {[%clk 1:33:53]}  c5 {[%clk 1:40:52]} 2. c3 {[%clk 1:34:13]}  Nf6 {[%clk 1:41:16]} 3. e5 {[%clk 1:34:30]}  Nd5 {[%clk 1:41:37]} 4. Nf3 {[%clk 1:34:51]}  Nc6 {[%clk 1:40:42]} 5. Bc4 {[%clk 1:34:29]}  Nb6 {[%clk 1:40:32]} 6. Bb3 {[%clk 1:34:40]}  c4 {[%clk 1:40:23]} 7. Bc2 {[%clk 1:35:02]}  d6 {[%clk 1:40:41]} 8. exd6 {[%clk 1:34:20]}  Qxd6 {[%clk 1:41:06]} 9. O-O {[%clk 1:34:02]}  Bg4 {[%clk 1:39:30]} 10. Re1 {[%clk 1:32:53]}  O-O-O {[%clk 1:36:40]} 11. b3 {[%clk 1:32:07]}  Qf6 {[%clk 1:32:24]} 12. Qe2 {[%clk 1:26:36]}  Bxf3 {[%clk 1:20:28]} 13. Qxf3 {[%clk 1:26:30]}  Qxf3 {[%clk 1:20:46]} 14. gxf3 {[%clk 1:26:32]}  e6 {[%clk 1:20:17]} 15. bxc4 {[%clk 1:25:54]}  Nxc4 {[%clk 1:20:07]} 16. d4 {[%clk 1:25:40]}  Bd6 {[%clk 1:14:15]} 17. f4 {[%clk 1:23:15]}  g6 {[%clk 1:14:06]} 18. Nd2 {[%clk 1:22:06]}  Nxd2 {[%clk 1:10:45]} 19. Bxd2 {[%clk 1:22:16]}  Bc7 {[%clk 1:07:39]} 20. Rab1 {[%clk 1:19:01]}  Ne7 {[%clk 1:07:47]} 21. Kg2 {[%clk 1:16:54]}  Rhg8 {[%clk 1:01:14]} 22. Kf3 {[%clk 1:14:34]}  Rd6 {[%clk 1:00:44]} 23. Be4 {[%clk 1:12:41]}  Nc6 {[%clk 0:54:02]} 24. Bc1 {[%clk 1:09:53]}  Nd8 {[%clk 0:45:31]} 25. Re2 {[%clk 1:05:21]}  h6 {[%clk 0:39:18]} 26. Ba3 {[%clk 0:55:27]}  Rd7 {[%clk 0:38:35]} 27. Bd3 {[%clk 0:51:33]}  g5 {[%clk 0:35:43]} 28. fxg5 {[%clk 0:48:14]}  hxg5 {[%clk 0:35:53]} 29. h3 {[%clk 0:45:54]}  Rh8 {[%clk 0:34:40]} 30. Kg2 {[%clk 0:46:02]}  Bf4 {[%clk 0:34:50]} 31. Bb5 {[%clk 0:40:12]}  Rc7 {[%clk 0:34:57]} 32. Bb2 {[%clk 0:36:14]}  Rh6 {[%clk 0:34:35]} 33. Bd3 {[%clk 0:34:40]}  Nc6 {[%clk 0:30:39]} 34. Ba3 {[%clk 0:30:44]}  Na5 {[%clk 0:28:14]} 35. Bb4 {[%clk 0:30:15]}  Nc4 {[%clk 0:27:24]} 36. Bf8 {[%clk 0:25:36]}  Rh8 {[%clk 0:24:33]} 37. Bg7 {[%clk 0:25:50]}  Rg8 {[%clk 0:24:30]} 38. Bf6 {[%clk 0:26:11]}  Nb6 {[%clk 0:23:13]} 39. Be4 {[%clk 0:19:49]}  Nd7 {[%clk 0:18:06]} 40. Be7 {[%clk 0:19:56]}  b6 {[%clk 0:18:04]} 41. Rb3 {[%clk 0:18:46]}  Re8 {[%clk 0:18:12]} 42. Ba3 {[%clk 0:18:22]}  Nf6 {[%clk 0:17:44]} 43. Bf3 {[%clk 0:18:17]}  Kd7 {[%clk 0:15:44]} 44. Bb2 {[%clk 0:16:38]}  Nd5 {[%clk 0:11:07]} 45. Rc2 {[%clk 0:14:34]}  Rec8 {[%clk 0:07:39]} 46. Be2 {[%clk 0:13:58]}  Ne7 {[%clk 0:07:27]} 47. Ba6 {[%clk 0:13:36]}  Rh8 {[%clk 0:06:27]} 48. c4 {[%clk 0:12:31]}  Ng6 {[%clk 0:01:21]} 49. Bb5+ {[%clk 0:11:14]}  Ke7 {[%clk 0:29:09]} 50. d5 {[%clk 0:37:37]}  Be5 {[%clk 0:29:09]} 51. Ba3+ {[%clk 0:26:05]}  Bd6 {[%clk 0:24:07]} 52. Bc1 {[%clk 0:21:32]}  f6 {[%clk 0:24:16]} 53. Re2 {[%clk 0:20:50]}  e5 {[%clk 0:24:22]} 54. a4 {[%clk 0:19:53]}  Bc5 {[%clk 0:24:13]} 55. Rd3 {[%clk 0:18:00]}  Nh4+ {[%clk 0:24:28]} 56. Kf1 {[%clk 0:17:21]}  Kd6 {[%clk 0:22:41]} 57. f4 {[%clk 0:15:44]}  gxf4 {[%clk 0:22:33]} 58. Bxf4 {[%clk 0:16:10]}  Rg7 {[%clk 0:22:55]} 59. Rg3 {[%clk 0:08:21]}  Rxg3 {[%clk 0:21:21]} 60. Bxg3 {[%clk 0:08:49]}  Nf5 {[%clk 0:21:43]} 61. Bf2 {[%clk 0:06:35]}  Rxh3 {[%clk 0:16:50]} 62. Kg2 {[%clk 0:06:18]}  Rh5 {[%clk 0:16:42]} 63. Be1 {[%clk 0:04:43]}  Rg5+ {[%clk 0:15:48]} 64. Kh3 {[%clk 0:04:48]}  Nd4 {[%clk 0:15:07]} 65. Rf2 {[%clk 0:04:53]}  f5 {[%clk 0:15:15]} 66. Rf1 {[%clk 0:03:46]}  Rh5+ {[%clk 0:13:59]} 67. Kg2 {[%clk 0:03:59]}  f4 {[%clk 0:12:59]} 68. Ba6 {[%clk 0:03:48]}  Nf5 {[%clk 0:11:54]} 69. Kf3 {[%clk 0:03:50]}  Rh2 {[%clk 0:11:01]} 70. Ke4 {[%clk 0:03:29]}  Nd4 {[%clk 0:10:56]} 71. Bf2 {[%clk 0:03:55]}  Nb3 {[%clk 0:10:42]} 72. Be1 {[%clk 0:03:43]}  Re2+ {[%clk 0:10:30]} 73. Kf5 {[%clk 0:03:51]}  Nd4+ {[%clk 0:10:33]} 74. Kf6 {[%clk 0:04:20]}  e4 {[%clk 0:06:37]} 75. Bh4 {[%clk 0:03:51]}  Nf3 {[%clk 0:06:34]} 76. Rh1 {[%clk 0:03:44]}  Rh2 {[%clk 0:05:23]} 77. Rxh2 {[%clk 0:04:13]}  Nxh2 {[%clk 0:05:46]} 78. Kf5 {[%clk 0:04:02]}  Nf3 {[%clk 0:06:07]} 79. Kxf4 {[%clk 0:04:29]}  Nxh4 {[%clk 0:06:31]} 80. Kxe4 {[%clk 0:04:49]}  Ng6 {[%clk 0:06:51]} 81. Bb5 {[%clk 0:05:07]}  Ne7 {[%clk 0:06:35]} 82. Be8 {[%clk 0:05:27]}  Nc8 {[%clk 0:06:43]} 83. Bc6 {[%clk 0:05:50]}  Ke7 {[%clk 0:07:09]} 84. Ke5 {[%clk 0:06:00]}  Nd6 {[%clk 0:07:34]} 85. Bb5 {[%clk 0:06:27]}  a5 {[%clk 0:07:48]} 86. Ba6 {[%clk 0:06:51]}  Bg1 {[%clk 0:07:54]} 87. Bb5 {[%clk 0:06:40]}  Nxb5 {[%clk 0:08:09]} 88. cxb5 {[%clk 0:07:03]}  Bh2+ {[%clk 0:08:36]} 0-1